000 00560nam a2200193Ia 4500
003 GCL
008 140319s9999 xx 000 0 ara d
040 _aGCL /
_cGCL
082 0 4 _a823.03
_bك ت
100 1 _aكولد ويل, ارسكين
245 1 0 _aالتذكار (مجموعة قصص قصيرة) /
_cكولد ويل, ارسكين
700 1 _aسيد جاد (مترجم)
700 1 _aعبدالحميد الاسلامبولى
300 _a134 ص
490 _a
650 0 4 _aالقصص القصيرة
650 0 4 _aالقصص
942 _2ddc
_cBK
999 _c38412
_d38412